Daňové orgány a daňovník /

Enregistré dans:
Détails bibliographiques
Auteurs principaux: Borodovčák, Michal (Auteur), Petrenka, Ján (Auteur)
Format: Livre
Langue:slovaque
Publié: Bratislava : Elita, 1992
Sujets:
Tags: Ajouter un tag
Pas de tags, Soyez le premier à ajouter un tag!

MARC

LEADER 00000nam a22000003a 4500
001 stu2801
005 20150617225615.9
008 921217s1992----cs------------------slo-d
020 |a 80-85323-18-4 
040 |a STU  |b slo 
041 0 |a slo 
044 |a cs 
080 |a 336.2  |7 stu_us_auth*stu7708 
100 1 |a Borodovčák, Michal  |4 aut 
245 1 |a Daňové orgány a daňovník /  |c [aut.] Borodovčák,M.; Petrenka,J 
260 |a Bratislava :  |b Elita,  |c 1992 
300 |a 96 s 
650 7 |a ekonomika  |2 stusub 
650 7 |a dane  |2 stusub 
700 1 |a Petrenka, Ján  |4 aut 
996 |b E77679  |c R*77679  |l RRUM  |s A  |a 24  |w stu2801_0001